000 00876nam a22002897a 4500
003 CHAP
005 20220329140819.0
008 971013s1973 r 00010 d
010 _a58051
011 _a59023
035 _a63180
040 _cCHAP
082 _a575.1
_bS86
100 0 0 _aStine, Gerard James.
_9109811
245 _aLaboratory exercises in genetics
260 _aNew York :
_bMcMillan,
_c1973
300 _a287 p.
590 _aBATCH-UPD
_b10
_c20130110
_lUCH01
_h0827
590 _aBATCH-UPD
_b10
_c20130410
_lUCH01
_h0505
590 _aBATCH-UPD
_b10
_c20130914
_lUCH01
_h1535
590 _aCONVERSION
_b10
_c20130109
_lUCH01
_h1331
650 1 4 _aGenética.
_947469
901 _aBK
942 _cLIBRO
949 _a575.1 S86
_bBC
_cLIBRO
_d33724000400834
_eLIBRO
_h50974
_i63180
_si
949 _a575.1 S86
_bBC
_cLIBRO
_d33724000402483
_eLIBRO
_fc.2
_h50975
_i63180
_si
999 _c58051
_d58051